000 00940nam a2200265Ia 4500
003 OSt
005 20221005110830.0
006 a|||||r|||| 00| 0
007 ta
008 221004b |||||||| |||| 00| 0 hin d
020 _a9788126725786 (hbk)
_c695
024 _a16014
037 _bBR6148, 23/12/2014, Rajkamal Prakashan Pvt. Ltd.
_cTextual
040 _aCRL
_cCRL
_bhin
041 _2hin
_ahin
082 _aO152,6(Y15)x, Q4
100 _aडालमिया, वसुधा
245 0 _aबालाबोधिनी
246 _aBālābodhinī
260 _aनई दिल्ली
_bराजकमल प्रकाशन भारत
_c2014
300 _a351पृ0
_ccm.
650 _aहिन्दी साहित्य
942 _hO152,6(Y15)x, Q4
_cTEXL
_2cc
999 _c1020004
_d1020004